Central Library OPAC University of Rajshahi

Pleistocene extinctions : (Record no. 13859)

MARC details
000 -LEADER
fixed length control field 01210cam a2200313 4500
001 - CONTROL NUMBER
control field 13859
003 - CONTROL NUMBER IDENTIFIER
rucl marc code BD-RjUL
005 - DATE AND TIME OF LATEST TRANSACTION
control field 20211208235526.0
008 - FIXED-LENGTH DATA ELEMENTS--GENERAL INFORMATION
fixed length control field 140202t1967 ctuab b 001 0 eng
035 ## - SYSTEM CONTROL NUMBER
System control number (BD-RjUL)13911
040 ## - CATALOGING SOURCE
Original cataloging agency DLC
Transcribing agency DLC
Modifying agency EQO
-- BD-RjUL
Language of cataloging eng
041 ## - LANGUAGE CODE
Language code of text/sound track or separate title eng
082 ## - DEWEY DECIMAL CLASSIFICATION NUMBER
Classification number 560.178
Edition number 16
Author mark and year INP 1967
110 2# - MAIN ENTRY--CORPORATE NAME
Corporate name or jurisdiction name as entry element International Association for Quaternary Research.
9 (RLIN) 43338
245 10 - TITLE STATEMENT
Title Pleistocene extinctions :
Remainder of title the search for a cause /
Statement of responsibility, etc. Editors: P. S. Martin and H. E. Wright, Jr.
260 ## - PUBLICATION, DISTRIBUTION, ETC. (IMPRINT)
Place of publication, distribution, etc. New Haven :
Name of publisher, distributor, etc. Yale University Press,
Date of publication, distribution, etc. c1967.
300 ## - PHYSICAL DESCRIPTION
Pagination x, 453 p. :
Illustrations illus., maps. ;
Size 25 cm.
490 1# - SERIES STATEMENT
Series statement Its Proceedings of the VII congress ...
Volume/sequential designation v. 6
500 ## - GENERAL NOTE
General note "[The congress was] sponsored by the National Academy of Sciences-National Research Council."
504 ## - BIBLIOGRAPHY, ETC. NOTE
Bibliography, etc Includes bibliographical reference and index.
650 #0 - SUBJECT ADDED ENTRY--TOPICAL TERM
Topical term or geographic name as entry element Paleontology
Chronological subdivision Pleistocene.
9 (RLIN) 34512
Topical term or geographic name as entry element Extinction (Biology)
9 (RLIN) 43324
700 1# - ADDED ENTRY--PERSONAL NAME
Personal name Martin, Paul S.
Fuller form of name (Paul Schultz),
Dates associated with a name 1928-2010
Personal name Wright, H. E.
Fuller form of name (Herbert Edgar),
Dates associated with a name 1917-
710 2# - ADDED ENTRY--CORPORATE NAME
Corporate name or jurisdiction name as entry element National Research Council (U.S.)
9 (RLIN) 43327
942 ## - ADDED ENTRY ELEMENTS (KOHA)
Source of classification or shelving scheme Dewey Decimal Classification
Koha item type Books
Holdings
Lost status Source of classification or shelving scheme Damaged status Not for loan Collection code Permanent Location Current Location Shelving location Date acquired Source of acquisition Cost, normal purchase price Total Checkouts Full call number Date last seen Copy number Koha item type
  Dewey Decimal Classification   Not For Loan Non-fiction Central Library, University of Rajshahi Central Library, University of Rajshahi Reading Room 29/07/1971 Zeitlinger 125.00   560.178 INP 1967 02/02/2014 C-1 Books